| Tag |
First Indicator |
Second Indicator |
Subfields |
| LEADER |
00000cas a2200000 a 4500 |
| 001 |
in00000084415 |
| 005 |
20151008061354.0 |
| 008 |
820216d19811982enkwr p 0uuua0eng d |
| 010 |
|
|
|a sn 82000970
|
| 035 |
|
|
|a (OCoLC)08159875
|
| 035 |
|
|
|9 AAJ7916AM
|
| 040 |
|
|
|a TXA
|c TXA
|d DLC
|d TXA
|d UtOrBLW
|
| 042 |
|
|
|a msc
|
| 043 |
|
|
|a e-uk---
|
| 049 |
|
|
|a TXAE
|
| 050 |
1 |
0 |
|a Discard
|
| 090 |
|
|
|a HD9225
|b .C6
|
| 245 |
0 |
0 |
|a Commercial grower weekly.
|
| 264 |
|
1 |
|a [Tonbridge, Kent] :
|b [Benn Publications],
|c [19 -1982]
|
| 300 |
|
|
|a volumes :
|b illustrations ;
|c 21 cm.
|
| 336 |
|
|
|a text
|b txt
|2 rdacontent
|
| 337 |
|
|
|a unmediated
|b n
|2 rdamedia
|
| 338 |
|
|
|a volume
|b nc
|2 rdacarrier
|
| 362 |
1 |
|
|a Ceased in March 1982.
|
| 500 |
|
|
|a Description based on: Dec. 1, 198l.
|
| 650 |
|
0 |
|a Vegetable trade
|z Great Britain
|x Periodicals.
|
| 650 |
|
0 |
|a Vegetables
|x Marketing
|x Periodicals.
|
| 650 |
|
0 |
|a Fruit trade
|z Great Britain
|x Periodicals.
|
| 650 |
|
0 |
|a Fruit
|x Marketing
|x Periodicals.
|
| 785 |
0 |
4 |
|t Nurseryman & garden centre
|
| 999 |
|
|
|a MARS
|
| 999 |
f |
f |
|s 670c2767-fafd-35f2-8c21-6f57ea62553c
|i 4e546af0-487f-3b71-8e03-26a6bb80d1d3
|t 0
|
| 952 |
f |
f |
|p ric
|a Texas A&M University
|b Rellis Campus
|c Joint Library Facility
|d Remote Storage
|t 0
|e HD9225 .C6
|h Library of Congress classification
|i unmediated -- volume
|k 1982:Jan.-Mar.
|m A14842538200
|
| 952 |
f |
f |
|p ric
|a Texas A&M University
|b Rellis Campus
|c Joint Library Facility
|d Remote Storage
|t 0
|e HD9225 .C6
|h Library of Congress classification
|i unmediated -- volume
|k 1981:Sept.-Dec.
|m A14842538085
|
| 998 |
f |
f |
|a HD9225 .C6
|s 1982:Jan.-Mar.
|t 0
|l Remote Storage
|